Statistics for European Analogies

Click here to take the quiz!

General Stats

  • This quiz has been taken 90 times
  • The average score is 13 of 20

Answer Stats

Analogy% Correct
{Prague} is to Czechia as Dublin is to Ireland
94%
Germany is to Deutschland as Spain is to {España}
91%
Slovenia is to {Yugoslavia} as the Ukraine is to the Soviet Union
89%
VW is to {Germany} as Peugeot is to France
87%
Hitler is to Nazi Germany as {Churchill} is to Great Britain
80%
Sjaelland is to {Denmark} as Sardinia is to Italy
78%
Barcelona is to Mediterranean as Odessa is to {Black} {Sea}
77%
Kosice is to Slovakia as Split is to {Croatia}
76%
Felipe is to Spain as {Elizabeth} is to the UK
75%
Bavaria is to state as Kent is to {County}
73%
Lusitania is to Portugal is Gallia is to {France}
72%
BiH is to Bosnia as CH is to {Switzerland}
68%
Warsaw is to Vistula as Paris is to {Seine}
62%
England is to Premier League as Germany is to {Bundesliga}
62%
Danke is to German is {Grazie} is to Italian
59%
BCN is to {Barcelona} is LHR is to London
52%
Ronaldo is to Real as Lewandowski is to {Bayern} {Munich}
47%
Croatia is to {Kuna} as France is to Euro
27%
{Ben} {Nevis} is to UK as Teide is to Spain
24%
{TGV} is to France as ICE is to Germany
23%

Score Distribution

Percentile by Number Answered

Percent of People with Each Score

Your Score History

You have not taken this quiz